• 首页
  • 本馆介绍
  • 公告通知
  • 最新文献
  • 馆藏检索
  • 电子资源
  • 读者导购
  • 参考咨询
  • 我的图书馆
  • 登录
  • 详细信息显示
  • 放入我的书架
  • 预约/预借图书
  • 作者相关作品
  • 分类相关作品
  • 丛书相关作品
  • 出版社相关作品

书目信息

  • 表格格式
  • 工作单格式
  • 卡片格式
题名:
葡萄学
    
 
作者: 凯勒 著 ;王军 译
分册:  
出版信息: 北京   科学出版社  2016.01
页数: 395页
开本: 24cm
丛书名:
单 册:
中图分类: S663.101
科图分类:
主题词: 葡萄--植物解剖学 , 葡萄--植物生理学
电子资源:
ISBN: 978-7-03-046715-7
000 00906nam0 2200253 450
001 4596
005 20181012135751.08
010    @a978-7-03-046715-7@dCNY98.00
100    @a20150920d2016 em y0chiy50 ea
101 1  @achi@ceng
102    @aCN@b110000
105    @aa z 001yy
200 1  @a葡萄学@9pu tao xue@e解剖学与生理学@f(美)Markus Keller著@g王军[等]译
210    @a北京@c科学出版社@d2016.01
215    @a395页@c图@d24cm
330    @a本书首先简要回顾了葡萄的植物学分类、解剖学和生长周期,然后论述了葡萄生长和发育的基本概念、水分关系、光合作用、呼吸作用、矿质营养的吸收和利用、碳分区。
510 1  @aScience of grapevines@eanatomy and physiology@zeng
606 0  @a葡萄@x植物解剖学
606 0  @a葡萄@x植物生理学
690    @aS663.101@v5
701  0 @c(美)@a凯勒@9kai le@c(Keller, Markus)@4著
702  0 @a王军@9wang jun@4译
801  0 @aCN@b91MARC@c20150920
905    @aMuseLib@dS663.101@e473
    
    葡萄学:解剖学与生理学/(美)Markus Keller著/王军[等]译.-北京:科学出版社,2016.01
    395页:图;24cm
    
    
    ISBN 978-7-03-046715-7:CNY98.00
    本书首先简要回顾了葡萄的植物学分类、解剖学和生长周期,然后论述了葡萄生长和发育的基本概念、水分关系、光合作用、呼吸作用、矿质营养的吸收和利用、碳分区。
●
相关链接 在E读中查询图书 在五车中查询图书 在当当中查询图书 在豆瓣中查询图书


正题名:葡萄学     索取号:S663.101/473         预约/预借

序号 登录号 条形码 馆藏地/架位号 状态 备注
1 1125891   211258912   第二样本阅览室/ [索取号:S663.101/473] 在馆    
2 1125892   211258921   第三借阅区/ [索取号:S663.101/473] 在馆    
3 1125893   211258930   第三借阅区/ [索取号:S663.101/473] 在馆    
4 1125894   211258949   第三借阅区/ [索取号:S663.101/473] 在馆    
5 1125895   211258958   第三借阅区/ [索取号:S663.101/473] 在馆    
唐山师范学院图书馆 欢迎您!
大连网信软件有限公司© 版权所有